| 000 | 00983nam a2200337 a 4500 | ||
|---|---|---|---|
| 001 | vtls000341756 | ||
| 003 | NLI | ||
| 005 | 20210602162439.0 | ||
| 008 | 110113s2005 ii gr 00 | eng | | ||
| 020 | 0 |
_a8124602492 _cRs.360.00 |
|
| 039 | 9 |
_y201101131917 _zVLOAD |
|
| 040 |
_aNLI : _beng _cNLMARC21 |
||
| 041 | 0 | _aeng | |
| 044 | _aii | ||
| 082 | 0 | 0 |
_a290 _222 |
| 100 | 1 | 0 |
_aSaraswati, Baidyanath, 1932 - _9502542 |
| 245 | 1 | 0 |
_aThe eternal Hinduism/ _cby Baidyanath Saraswati. |
| 260 |
_aNew Delhi : _bD. K. Printworld(P) Ltd, _c2004. |
||
| 300 |
_aviii,192 P.; _c22 cm. |
||
| 440 |
_aContemporary researches in Hindu philosophy & religion, no. 13 _9504969 |
||
| 500 | _aIncludes glossary and index. | ||
| 504 | _aIncludes bibliographical reference PP.179-184 | ||
| 650 |
_aHinduism. _92835 |
||
| 650 | _aPhilosophy, Hindu. | ||
| 887 | _asdas | ||
| 901 |
_aDB 984 _b21.10.2005 |
||
| 902 | _aE | ||
| 904 | _asdas | ||
| 999 |
_aVIRTUA40 _c298564 _d298564 |
||
| 942 |
_2ddc _cBKS |
||